DIY renewable energy (Record no. 118015)
[ view plain ]
| 000 -LEADER | |
|---|---|
| fixed length control field | 01102cam a2200205 4500 |
| 001 - CONTROL NUMBER | |
| control field | WB@3612-275 |
| 008 - FIXED-LENGTH DATA ELEMENTS--GENERAL INFORMATION | |
| fixed length control field | 040916n2004 000 0 eng u |
| 035 ## - SYSTEM CONTROL NUMBER | |
| System control number | (Sirsi) u127440 |
| 245 ## - TITLE STATEMENT | |
| Title | DIY renewable energy |
| 260 ## - PUBLICATION, DISTRIBUTION, ETC. | |
| Date of publication, distribution, etc. | 2004 |
| 490 ## - SERIES STATEMENT | |
| Series statement | Green Alliance Press Release |
| Volume/sequential designation | 15 September 2004 (3) |
| 520 ## - SUMMARY, ETC. | |
| Summary, etc. | Green Alliance has published a report entitled "A micro-generation manifesto". http://www.green-alliance.org.uk/publications/Micr ogenerationManifesto/. This looks at how to tackle the rising carbon emissions from the domestic sector, where energy demand is growing almost as fast as that of transport. It puts forward the case for micro-generation - small, affordable, roof-mounted wind turbines, solar panels and heating systems that can generate renewable, low carbon heat and power at home. To buy one of these can cost as little as £990. http://www.green-alliance.org.uk/mediaroom/MicroGe nPressRelease/ |
| 590 ## - LOCAL NOTE (RLIN) | |
| Local note | WB |
| 590 ## - LOCAL NOTE (RLIN) | |
| Local note | WB |
| 650 ## - SUBJECT ADDED ENTRY--TOPICAL TERM | |
| Topical term or geographic name entry element | RENEWABLE ENERGY |
| 650 ## - SUBJECT ADDED ENTRY--TOPICAL TERM | |
| Topical term or geographic name entry element | ENERGY-EFFICIENCY |
| 650 ## - SUBJECT ADDED ENTRY--TOPICAL TERM | |
| Topical term or geographic name entry element | DOMESTIC ENERGY |
| 690 ## - LOCAL SUBJECT ADDED ENTRY--TOPICAL TERM (OCLC, RLIN) | |
| Topical term or geographic name as entry element | ENERGY |
| 9 (RLIN) | 6237 |
| 942 ## - ADDED ENTRY ELEMENTS (KOHA) | |
| Suppress in OPAC | 0 |
| Withdrawn status | Lost status | Source of classification or shelving scheme | Damaged status | Not for loan | Home library | Current library | Shelving location | Date acquired | Total Checkouts | Full call number | Barcode | Date last seen | Copy number | Price effective from | Koha item type |
|---|---|---|---|---|---|---|---|---|---|---|---|---|---|---|---|
| Dewey Decimal Classification | London | London | News article | 16/09/2004 | WB4035-04 | 127440-1001 | 06/08/2019 | 1 | 06/08/2019 | News article |